000 01904cab a22003735a 4500
001 L146609
008 090209d2009 xxk f g 000 0 eng d
035 _a(Sirsi) u146609
041 0 _aeng
100 1 _aChoongh, Satnam
245 0 0 _aNew planning units, new chapters in planning history and inconsistent permissions
260 _c2009
490 _aJournal of Planning and Environment Law
_v(2), 161-173(13)
520 _aArticle looks at planning permission and development control in light of recent legislative history. Discusses 'new planning units' and their interaction with existing rights. Also looks at perceived inconsistencies in the handling of planning cases by the courts. The authors posit that the statutory planning code has attained a high degree of sophistication that is not suited to its purpose and suggest a return to clearly defined rules and principles contained in the Town and Country Planning Act 1990.
590 _aKA
650 2 4 _aTOWN AND COUNTRY PLANNING ACT 1990
650 2 4 _aTOWN AND COUNTRY PLANNING (GENERAL PERMITTED DEVELOPMENT) ORDER 1995
650 2 4 _aPRESTIGE HOMES (SOUTHERN) LTD V SOS ENVIRONMENT
650 2 4 _aPROSSER V MINISTER OF HOUSING AND LOCAL GOVERNMENT
650 2 4 _aSOUTH STAFFORDSHIRE DC V SOS ENVIRONMENT & ANOR
650 2 4 _aSTAFFORDSHIRE CC V NGR LAND DEVELOPMENTS & ANOR
650 2 4 _aWIGGINS V SOS ENVIRONMENT, TRANSPORT AND REGIONS
650 2 4 _aYOUNG V SOS ENVIRONMENT
650 2 4 _aBURDLE V SOS ENVIRONMENT
650 _aDURHAM CC V SOS ENVIRONMENT & ANOR
650 2 4 _aJENNINGS MOTORS LTD V SOS ENVIRONMENT
650 2 4 _aNEWBURY DC V SOS ENVIRONMENT
650 2 4 _aPETTICOAT LANE RENTALS LTD V SOS ENVIRONMENT
650 2 4 _aPILKINGTON V SOS ENVIRONMENT
650 2 4 _aPIONEER AGGREGATES (UK) LTD V SOS ENVIRONMENT & ORS
651 4 _aEngland and Wales
_y1543-
700 1 _aCahill, Jeremy
942 _n0
999 _c81201
_d81201